Statistiques concernant Matches de l'équipe de France de rugby à XV (2020 - ...).

Cliquez ici pour prendre le quiz!

Statistiques générales

  • Ce quiz a été pris 2 859 fois
    (901 depuis la dernière actualisation)
  • Le résultat moyen est 13 sur 14

Statistiques - réponses

Adversaire% Correct
8Écosse
100%
5Irlande
100%
7Italie
100%
2Nouvelle-Zélande
100%
6Angleterre
99%
6Pays de Galles
99%
2Afrique du Sud
98%
5Australie
97%
1Namibie
95%
1Fidji
92%
1Argentine
91%
1Uruguay
91%
3Japon
90%
1Géorgie
76%

Distribution des résultats

Percentile par nombre de réponses

% des personnes avec chaque résultat

Votre développement - résultats

Vous n’avez pas pris ce quiz depuis la dernière actualisation